| 000 | 00818cab a22002055a 4500 | ||
|---|---|---|---|
| 001 | L158675 | ||
| 008 | 150609e20150516xxk 000 0 eng d | ||
| 035 | _a(Sirsi) u158675 | ||
| 041 | 0 | _aeng | |
| 100 | 1 | _aRichardson, Frances | |
| 245 | 0 | 2 | _aA marginal victory on valuation negligence |
| 260 | _c2015 | ||
| 490 |
_aEstates Gazette _v(1519) 16 May 2015, 122-124(3) |
||
| 520 | _aAnalysis of the current law on permissible margins of errors in valuations. Includes recent case law which confirms that a challenge to a valuation must go through two steps to succeed. First, the figure needs to fall outside the permissible margin and second, the valuation process is seen to be incompetent. | ||
| 590 | _aKA | ||
| 651 | 4 | _aUnited Kingdom | |
| 690 |
_aValuation _96273 |
||
| 700 | 1 | _aBradford, Katie | |
| 942 | _n0 | ||
| 999 |
_c84654 _d84654 |
||